000 00896nam a2200229 a 4500
001 000040393
005 20201002034114.0
008 130823s2001 mx 000 0 spa d
020 _a9683690157
040 _aDO-SdBNP
_bspa
_cBNPHU
100 1 _aMuñoz de Alba Medrano, Marcia
_966695
245 1 0 _aDerechos de las personas con síndrome de inmunodeficiencia adquirida. SIDA-VIH /
_cMarcia Muñoz de Alba Medrano, Fernando Cano Valle.
250 _a2a. ed.
260 _aMéxico :
_bUniversidad Nacional Autónoma de México :
_bCámara de Diputados;,
_c2001.
300 _a109 p. :
_bil. ;
_c22 cm.
490 1 _aNuestros derechos
500 _aIncluye datos biográficos de los autores en la contracubierta
504 _aBibliografía : p. 109
700 1 _aCano Valle, Fernando
_966696
710 2 _aUniversidad Nacional Autónoma de México
_942447
830 0 _aNuestros derechos
_966667
999 _c39883
_d39883